| 000 | 00800nam a22002057a 4500 | ||
|---|---|---|---|
| 999 |
_c15427 _d15427 |
||
| 003 | AR-CdUCM | ||
| 008 | 190427b ||||| |||| 00| 0 spa d | ||
| 040 |
_aMUNICIPALIDAD PROVINCIAL DEL CUSCO _cBIBLIOTECA MUNICIPAL DEL CUSCO |
||
| 082 |
_a929.798 / _bV29 / 1916 |
||
| 100 |
_aVarela Orbegoso, Luis _934495 |
||
| 245 |
_aLos presidentes de la H. cámara de diputados del Perú : _bapuntes biográficos reuniones, cumplimiento encargo de la H. comisión de policía / |
||
| 260 |
_aLima : _bEmpresa tipográfica, _c1916. |
||
| 300 |
_a232 páginas ; _c23 cm. |
||
| 505 | _aContenido: Publicaciones de la H. cámara de diputados ... | ||
| 650 |
_aCongreso de la república _928012 |
||
| 650 |
_aLegislación _92962 |
||
| 650 |
_aDiputados _934496 |
||
| 942 |
_2ddc _cLIBROS |
||
| 945 |
_aacv _d2019-04-27 |
||